20 größte Agglomerationen, die mit F beginnen - Statistiken

Allgemein
  • Dieses Quiz wurde 29 mal gespielt
  • Das Durchschnittsergebnis liegt bei 8 aus 20
Antwortstatistiken
Einwohner Agglomeration Staat % Korrekt
1.800 Frankfurt Deutschland
100%
1.300 Fes Marokko
88%
930 Florenz Italien
88%
2.100 Freetown Sierra Leone
77%
2.800 Fukuoka Japan
69%
3.700 Fortaleza Brasilien
65%
3.800 Faisalabad Pakistan
54%
5.000 Fuzhou China [Fujian]
50%
750 Fuzhou China [Jiangxi]
50%
900 Fuji - Numazu Japan
42%
1.150 Florianopolis Brasilien
35%
750 Fergana Usbekistan
23%
600 Fukuyama Japan
23%
1.500 Fuyang China [Anhui]
23%
700 Fayyum Ägypten
19%
850 Fuxin China [Liaoning]
19%
750 Fresno USA
8%
600 Feicheng China [Shandong]
0%
650 Feira de Santana Brasilien
0%
850 Fuqing China [Fujian]
0%
Keine übereinstimmenden Quizze gefunden
Verteilung der Resultate
Anzahl Personen mit jedem Resultat
Perzentil nach korrekt beantworteten Fragen
Ihre Resultats-Entwicklung
Sie haben dieses Quiz noch nicht gespielt